Women in 21st century / (Record no. 60290)

MARC details
000 -LEADER
fixed length control field 00792nam a22002177a 4500
005 - DATE AND TIME OF LATEST TRANSACTION
control field 20120104160911.0
008 - FIXED-LENGTH DATA ELEMENTS--GENERAL INFORMATION
fixed length control field 120104t xxu||||| |||| 00| 0 eng d
010 ## - LCCN (DPL NO)
LC control number ENG-104585
020 ## - INTERNATIONAL STANDARD BOOK NUMBER
International Standard Book Number 9789380929064
Terms of availability 995.00
035 ## - SYSTEM CONTROL NUMBER
System control number EN-88118
037 ## - SOURCE OF ACQUISITION
Source of stock number/acquisition DBAD/PUB
040 ## - CATALOGING SOURCE
Original cataloging agency DPL
Language of cataloging Eng
082 ## - DEWEY DECIMAL CLASSIFICATION NUMBER
Classification number 305.420954
100 ## - MAIN ENTRY--PERSONAL NAME
Personal name Soni, Suman
9 (RLIN) 38246
245 ## - TITLE STATEMENT
Title Women in 21st century /
Statement of responsibility, etc by Suman Soni
260 ## - PUBLICATION, DISTRIBUTION, ETC. (IMPRINT)
Place of publication, distribution, etc Jaipur
Name of publisher, distributor, etc DND Publications
Date of publication, distribution, etc 2012
270 ## - ADDRESS
Address 2, Shivgyan Avenue, (B-7), Near Yojna Bhawan, Yudishter Marg, C-Scheme
City Jaipur
Postal code 302001
300 ## - PHYSICAL DESCRIPTION
Extent 328p.
Dimensions 22cm(Hb)
942 ## - ADDED ENTRY ELEMENTS (KOHA)
Source of classification or shelving scheme Dewey Decimal Classification
Item type English Books
Classification part 305.420954
Call number suffix SON
Holdings
Withdrawn status Lost status Source of classification or shelving scheme Damaged status Not for loan Collection code Home library Current library Date acquired Source of acquisition Cost, normal purchase price Total Checkouts Full call number Barcode Date last seen Copy number Cost, replacement price Koha item type
    Dewey Decimal Classification   Not For Loan Non-fiction D.B.Act.Division D.B.Act.Division 04/01/2012 DBAD/PUB 995.00   305.420954 SON EN-88118 04/01/2012 1 995.00 English Books

© Delhi Public Library
Hit Counter
free hit counter